000 00536nam a2200181Ia 4500
001 9274
005 20260306160711.0
008 260306t2010||||xx |||||||||||||| ||spa||
041 _aESP
082 _a378.01
_bI61
100 _aInternational Association for the Promotion of Christian Higher Education
_eAUT
245 0 _aChristian higher education and globalization in Asia/Oceania:
_brealities and challenges
260 _c2010
300 _a259 páginas :
_c23 cm.
650 _aGEN
654 _aCED
942 _cLIB
_dJUS
_fJUS
_2ddc
_n
999 _c9274
_d9274